000 00711nam a22001695i 4500
001 170650
003 ES-MaACL
005 20251114063124.0
008 090326s1839 sp |||| | spa d
080 _a821.134.2-2"18"
100 1 _aDíaz, José María,
_d1800-1888
_9139671
245 1 0 _aBaltasar Cozza
_b: drama histórico original en cinco actos, escrito en verso y prosa /
_cpor José María Díaz.
260 _aMadrid :
_b[s.n.],
_c1839 (
_fImp. de José María Repullés)
300 _a76 p. ;
_c18 cm.
852 _aES-MaACL
_jF-8641(1)
_z.- Enc. en un vol. facticio formando parte de la col. facticia "Teatro español moderno" v. 97
_q.- Falto de la cub. original
999 _c170650
_d170650